| 000 | 00806nab a22002297a 4500 | ||
|---|---|---|---|
| 001 | 10989 | ||
| 003 | HDC | ||
| 007 | cr bn ---aaaaa | ||
| 008 | 210128c20141021my ||||o |||| 00| 00eng d | ||
| 040 | _aHDC | ||
| 245 | 0 | _aNIPPON SHOKUBAI Announces an Acquisition of Halal Certification for Its Organic Acids Used in Food Additives | |
| 336 |
_atext _2rdacontent |
||
| 337 |
_acomputer _2rdamedia |
||
| 338 |
_aonline resource _2rdacarrier |
||
| 650 |
_aFood _xReligious aspect _xIslam _97432 |
||
| 650 |
_aHalal food industry _zJapan _910862 |
||
| 710 | _aEducation Dive | ||
| 856 | _zRequest full-text at [email protected] | ||
| 942 | _2lcc | ||
| 942 | _cNEWS | ||
| 942 | _kNWSO 001473 | ||
| 999 |
_c8312 _d8312 |
||